Everything Purple - Statistics

General Stats
  • This quiz has been taken 17 times
  • The average score is 4 of 10
Answer Stats
Picture Answer % Correct
Grape
100%
Lavender
71%
Aubergine
64%
Passion fruit
64%
Bluebell
50%
Pansy
43%
Salamander
21%
Stag Beetle
21%
Anenome
0%
Purple Emperor
0%
No matching quizzes found
Score Distribution
Percent of People with Each Score
Percentile by Number Answered
Your Score History
You have not taken this quiz